|
|
|
|
| LEADER |
02444nam a2200613 i 4500 |
| 001 |
nkc20152697175 |
| 003 |
CZ PrNK |
| 005 |
20150702113218.0 |
| 007 |
ta |
| 008 |
150429s2015 xr a e c 000 0dcze |
| 020 |
|
|
|a 978-80-7353-471-4
|q (brožováno)
|
| 040 |
|
|
|a BOA001
|b cze
|e rda
|
| 041 |
1 |
|
|a cze
|a eng
|h cze
|h eng
|
| 043 |
|
|
|a e------
|
| 045 |
|
|
|a x-y-
|
| 072 |
|
7 |
|a 72/76
|x Výtvarné umění
|2 Konspekt
|9 21
|
| 080 |
|
|
|a 72/76(4)
|2 MRF
|
| 080 |
|
|
|a 7.038.544
|2 MRF
|
| 080 |
|
|
|a 7.038.55
|2 MRF
|
| 080 |
|
|
|a 7.036/.038
|2 MRF
|
| 080 |
|
|
|a (4)
|2 MRF
|
| 080 |
|
|
|a (083.824)
|2 MRF
|
| 245 |
0 |
0 |
|a Model :
|b Thomas Demand, Lorenz Estermann, Antony Gormley, Mariele Neudecker, Julian Opie, Jaroslav Róna, Tom Sachs, Pavla Sceranková, Thomas Schütte, Rachel Whiteread, Edwin Zwakman /
|c Ladislav Kesner ; překlad Sabine Pope, Robin Cassling
|
| 264 |
|
1 |
|a Praha :
|b Galerie Rudolfinum,
|c 2015
|
| 300 |
|
|
|a 135 stran :
|b ilustrace (převážně barevné) ;
|c 28 cm
|
| 336 |
|
|
|a text
|b txt
|2 rdacontent
|
| 337 |
|
|
|a bez média
|b n
|2 rdamedia
|
| 338 |
|
|
|a svazek
|b nc
|2 rdacarrier
|
| 500 |
|
|
|a Katalog výstavy - Galerie Rudolfinum, Praha 29.1-03.5.2015
|
| 500 |
|
|
|a Vydáno ve spolupráci s nakladatelstvím Pierot
|
| 500 |
|
|
|a Životopisná data a přehledy výstav
|
| 504 |
|
|
|a Obsahuje bibliografické odkazy
|
| 546 |
|
|
|a Souběžný anglický text
|
| 648 |
|
7 |
|a 20.-21. století
|7 ch462155
|2 czenas
|
| 650 |
0 |
7 |
|a evropské výtvarné umění
|7 ph120080
|y 20.-21. století
|2 czenas
|
| 650 |
0 |
7 |
|a objekty (umění)
|7 ph123590
|z Evropa
|2 czenas
|
| 650 |
0 |
7 |
|a instalace (umění)
|7 ph121119
|z Evropa
|2 czenas
|
| 650 |
0 |
7 |
|a moderní umění
|7 ph115340
|z Evropa
|2 czenas
|
| 650 |
0 |
9 |
|a European art
|y 20th-21st centuries
|2 eczenas
|
| 650 |
0 |
9 |
|a objects (art)
|z Europe
|2 eczenas
|
| 650 |
0 |
9 |
|a installations (art)
|z Europe
|2 eczenas
|
| 650 |
0 |
9 |
|a modern art
|z Europe
|2 eczenas
|
| 655 |
|
7 |
|a katalogy výstav
|7 fd132536
|2 czenas
|
| 655 |
|
9 |
|a exhibition catalogs
|2 eczenas
|
| 700 |
1 |
|
|a Kesner, Ladislav,
|d 1928-
|7 jk01060092
|4 wfw
|
| 700 |
1 |
|
|a Pope, Sabina,
|d 1972-
|7 xx0149816
|4 trl
|
| 700 |
1 |
|
|a Cassling, Robin,
|d 1967-
|7 xx0081675
|4 trl
|
| 710 |
2 |
|
|a Galerie Rudolfinum (Praha, Česko)
|7 kn20010724235
|4 oth
|
| 910 |
2 |
|
|a BOA001
|b 3-1348.010
|
| 928 |
9 |
|
|a Pierot
|
| 990 |
|
|
|a BK
|
| 995 |
|
|
|a 11
|
| 991 |
|
|
|b 201505
|c NOV
|e n
|
| 996 |
6 |
|
|b 2610632572
|c 3-1348.010
|l MZK
|r Sklad / do 1 hodiny
|n 9
|p p.v.
|w 001504454
|u 000010
|a 1
|e BOA001
|j MZK50
|s P
|